| 000 | 00565nam a2200193Ia 4500 | ||
|---|---|---|---|
| 003 | GCL | ||
| 008 | 140319s9999 xx 000 0 ara d | ||
| 040 |
_aGCL / _cGCL |
||
| 082 | 0 | 4 |
_a408.2 _bج م |
| 100 | 1 | _aجوزيف ميشال شريم | |
| 245 | 1 | 0 |
_aمنهجية الترجمة التطبيقية / _cجوزيف ميشال شريم |
| 260 |
_a[S.N] : _bالمؤسسة الحديثة للكتاب ، _c1982 |
||
| 300 | _a149 ص | ||
| 490 | _a | ||
| 650 | 0 | 4 | _aالترجمة |
| 650 | 0 | 4 | _aعلم اللغة |
| 650 | 0 | 4 | _aالتعريب |
| 942 |
_2ddc _cBK |
||
| 999 |
_c32740 _d32740 |
||